000 00677nam a2200193 i 4500
001 50012
003 ES-MaACL
005 20250406174905.0
007 t|
008 030728s1940 sp ||||1| spa d
100 1 _aCriado Cardona, R.
_941603
245 1 0 _aHigiene y epidemiología militar en campaña /
_cpor R. Criado Cardona y J. Martínez Bruna ; prólogo de José Palanca.
260 _a[Valladolid :
_bMartín],
_c1940.
300 _aXVI, 870 p., 3 gráf. pleg. ;
_c22 cm.
700 1 _aMartínez Bruna, José.
_977898
700 1 _aPalanca y Martínez Fortún, José Alberto,
_d1888-1973
_9155308
852 _aES-MaACL
_jC-15746
_bR.43905
999 _c50012
_d50012